Rubber Soul - Songs - Statistics

General Stats
  • This quiz has been taken 81 times
  • The average score is 9 of 14
Answer Stats
Plays Song Names % Correct
124,095,254 Drive My Car
95%
95,153,709 Girl
90%
482,967,196 In My Life
90%
162,561,433 Michelle
86%
236,771,540 Norwegian Wood (This Bird Has Flown)
76%
102,647,613 Nowhere Man
76%
37,733,460 Run For Your Life
67%
56,653,477 I'm Looking Through You
62%
24,174,876 The Word
62%
81,713,177 Think For Yourself
52%
19,249,365 What Goes On
52%
45,789,856 You Won't See Me
48%
24,496,855 If I Needed Someone
43%
22,222,789 Wait
33%
No matching quizzes found
Score Distribution
Percent of People with Each Score
Percentile by Number Answered
Your Score History
You have not taken this quiz